| 000 | 00747cab a2200205 4500 | ||
|---|---|---|---|
| 001 | WB2719-24 | ||
| 008 | 090401t1991 xxu||||| |||| 00| 0 eng d | ||
| 035 | _a(Sirsi) u74081 | ||
| 041 | _aeng | ||
| 245 | _aHouse prices expected to go up | ||
| 260 | _c1991 | ||
| 350 | _a0 | ||
| 490 |
_aDaily Telegraph _v13/5/91 p8 |
||
| 520 | _aLloyds Bank has forecast a 12% rise in house prices by the end of the year and a poll commissioned for the Money Programme and the Building Societies Association suggests that the British still wish to own their own property despite the slump. | ||
| 650 | _aHOME OWNERSHIP | ||
| 650 | _aRECESSION | ||
| 690 | _aPROPERTY-RESIDENTIAL PROPERTY-RESIDENTIAL PROPERTY MARKET | ||
| 942 | _n0 | ||
| 948 | _c04/03/1997 | ||
| 999 |
_c46764 _d46764 |
||